000 00702nam a2200217Ii 4500
003 JO-AjNU
008 230606s9999||||xx |||||||||||||| ||und||
020 _a0-06-045426-1
040 _aJO-AjNU
_beng
_erda
_cJO-AjNU
041 _aeng
050 1 4 _aPE1112 .R55 1982
100 3 _a Rizzo, Betty,
_eauthor
_95421
245 0 0 _a The writer's studio : Exercises for Grammar, proofreading, and composition 
250 _a2 ed
264 3 1 _aNew York :Harper and Row pub, 1982
300 _a525p
_bincluds index
336 _atext
_btxt
_2rdacontent
337 _aunmediated
_bn
_2rdamedia
338 _avolume
_bnc
_2rdacarrier
650 4 _a English language -- Grammar -- Problems, Exercises
_95422
999 _aE2799
_c2797
_d2797